| 000 | 01154nam a2200229Ia 4500 | ||
|---|---|---|---|
| 999 |
_c39232 _d39232 |
||
| 001 | 5818 | ||
| 003 | GE_BSU | ||
| 005 | 20190628200041.0 | ||
| 008 | 181216s1977|||| |||||||||||||| ||geo|| | ||
| 041 | _ageo | ||
| 080 | _a621.38:62 ს-21 | ||
| 245 |
_aსამრეწველო ელექტრონიკა : ლექციების კონსპექტი / _cშემდგ : ჯ.ბენდელიანი ; გ.დგებუაძე ; ზ.ესაკია და სხვ. რედ : ა კერესელიძე. |
||
| 264 |
_aთბილისი : _bსპი, _c1977. |
||
| 300 |
_a123 გვ .: _bნახაზ. _c20 სმ |
||
| 653 | _aსამრეწველო ელექტრონიკა | ||
| 653 | _aტექნიკა | ||
| 700 |
_aბენდელიანი, ჯ _eშემდგენელი _92867 |
||
| 700 |
_aდგებუაძე, გ _eშემდგენელი _93102 |
||
| 700 |
_aესაკია, ზ _eშემდგენელი _93103 |
||
| 700 |
_aკერესელიძე, ა _eრედაქტორი _93104 |
||
| 942 |
_cBK _2udc |
||